Loading...
| History - World History | 1 | 2 | 1 | 0 | 30 | 25 | 79.00 | 1 | 3 |
| History - European History | 0 | 3 | 1 | 1 | 25 | 66 | 96.67 | 1 | 3 |
| Current Events | 0 | 1 | 0 | 0 | 10 | 130 | 130.00 | 0 | 0 |
| History - American History | 0 | 2 | 2 | 1 | 10 | 63 | 97.50 | 0 | 2 |
| History - Other History | 0 | 1 | 0 | 0 | 10 | 110 | 110.00 | 0 | 0 |
| Literature - European Literature | 0 | 1 | 0 | 0 | 10 | 116 | 116.00 | 0 | 1 |
| Literature - World Literature | 0 | 1 | 0 | 0 | 10 | 147 | 147.00 | 0 | 1 |
| Religion | 0 | 1 | 0 | 0 | 10 | 88 | 88.00 | 1 | 1 |
| Science - Other Science | 0 | 1 | 0 | 1 | 10 | 132 | 132.00 | 0 | 0 |
| Science - Physics | 0 | 1 | 0 | 1 | 10 | 127 | 127.00 | 0 | 1 |
| Social Science | 0 | 1 | 0 | 0 | 10 | 113 | 113.00 | 0 | 0 |
| Fine Arts - Other Fine Arts | 0 | 1 | 1 | 0 | 5 | 124 | 124.00 | 0 | 1 |
| Literature - British Literature | 0 | 0 | 0 | 0 | 0 | 0.00 | 0 | 0 | |
| Fine Arts - Auditory Fine Arts | 0 | 0 | 0 | 0 | 0 | 0.00 | 0 | 0 | |
| Literature - American Literature | 0 | 0 | 0 | 0 | 0 | 0.00 | 0 | 0 | |
| Science - Chemistry | 0 | 0 | 1 | 0 | -5 | 0.00 | 0 | 0 | |
| Philosophy | 0 | 0 | 1 | 0 | -5 | 0.00 | 0 | 0 | |
| Fine Arts - Visual Fine Arts | 0 | 0 | 1 | 0 | -5 | 0.00 | 0 | 0 | |
| Geography | 0 | 0 | 3 | 0 | -15 | 0.00 | 0 | 0 |